1956 1243 1074 1371 1384 1683 1172 1111 1633 1223 1744 1445 1656 1026 1829 1360 1223 1759 1613 1146 1945 1765 1234 1049 1578 1000 1671 1802 1529 1785 1598 1141 1749 1118 1029 1359 1094 1090 1000 1197 1413 1900 1643 1411 1529 1529 1341 1948 1571 1452 1331 1573 1936 1755 1804 1513 1150 1300 1113 1966 1907 1769 1165 1338 1782 1335 1601 1538 1572 1472 1245 1592 1398 1189 1603 1154 1648 1758 1639 1549 1886 1533 1793 1023 1364 1741 1480 1005 1224 1390 1348 1336 1468 1810 1189 1527 1242 1561 1131 BCNSPRNW ULIB Ver.6.0+V

เปลี่ยนเป็นภาษาไทย

Change to English
 แสดงรายละเอียดบรรณานุกรม
  กลับหน้าหลัก

Brief Record : Get Marc (ISO 2709) : E-mail record : QR code < ปิดหน้าต่าง
LEADER : 00000nam 2200000uu 4500
001    13399128225
003     ULIB
008    220816s2564||||th 000 0 tha d
020    ^a9786164872608
050  4 ^aT385^bด211ค
100 0  ^aดวงพร เกี๋ยงคำ
245 10 ^aคู่มือใช้งาน PowerPoint 2019/PowerPoint 365 ฉบับมืออาชีพ /^cดวงพร เกี๋ยงคำ
250    ^aพิมพ์ครั้งที่ 1
260    ^aนนทบุรี :^bไอดีซี พรีเมียร์,^c2564
300    ^a361 หน้า :^bภาพประกอบสี ;^c23 ซม.
650  0 ^aMicrosoft Powerpointl
650  0 ^aComputer programs
650  4 ^aไมโครซอฟต์เพาเวอร์พอยท์
650  4 ^aโปรแกรมคอมพิวเตอร์
700 0  ^aพิษณุ ปุระศิริ,^eบรรณาธิการ
945    ^p365^l0^i29420
945    ^p365^l0^i29421
945    ^p365^l0^i29422
945    ^p365^l0^i29423
945    ^p365^l0^i29444
999    ^aกัณชพร จุลอักษร
รายการนี้ยังไม่มีแท็ก
คุณยังไม่ได้ล็อกอิน คุณสามารถมีกิจกรรมร่วมกับเว็บไซต์ได้ แต่ต้องล็อกอินก่อน ::
  ล็อกอิน

รายการสื่อสารสนเทศ

ลำดับที่ ประเภท เลขเรียก/บาร์โค้ด สถานที่ สถานะ
1. หนังสือสำรอง
หนังสือสำรอง
T385 ด211ค ฉ.1 
  Barcode: 29420
ห้องสมุดวิทยาเขตสวรรค์ประชารักษ์
►หนังสือทั่วไป
บนชั้น
2. วิทยาศาสตร์การแพทย์ และสุขภาพ
วิทยาศาสตร์การแพทย์ และสุขภาพ
T385 ด211ค ฉ.2 
  Barcode: 29421
ห้องสมุดวิทยาเขตสวรรค์ประชารักษ์
►หนังสือทั่วไป
บนชั้น
3. วิทยาศาสตร์การแพทย์ และสุขภาพ
วิทยาศาสตร์การแพทย์ และสุขภาพ
T385 ด211ค ฉ.3 
  Barcode: 29422
ห้องสมุดวิทยาเขตสวรรค์ประชารักษ์
►หนังสือทั่วไป
บนชั้น
4. วิทยาศาสตร์การแพทย์ และสุขภาพ
วิทยาศาสตร์การแพทย์ และสุขภาพ
T385 ด211ค ฉ.4 
  Barcode: 29423
ห้องสมุดวิทยาเขตสวรรค์ประชารักษ์
►หนังสือทั่วไป
บนชั้น
5. วิทยาศาสตร์การแพทย์ และสุขภาพ
วิทยาศาสตร์การแพทย์ และสุขภาพ
T385 ด211ค ฉ.5 
  Barcode: 29444
ห้องสมุดวิทยาเขตนครสวรรค์
►หนังสือทั่วไป:l:General Books
บนชั้น

รายการใกล้เคียง
    ผู้แต่ง [ดวงพร เกี๋ยงคำ]

    หัวเรื่อง [Microsoft Powerpointl]
    หัวเรื่อง [Computer programs]
    หัวเรื่อง [ไมโครซอฟต์เพาเวอร์พอยท์]
    หัวเรื่อง [โปรแกรมคอมพิวเตอร์]

BibComment


ยังไม่เคยถูกคอมเมนท์

คอมเมนท์ทรัพยากรรายการนี้
  คอมเมนท์: คู่มือใช้งาน Pow..


 Copyright 2026. Bcnsprnw @Library